[Event "Brighton op"]
[Site "Brighton"]
[Date "2010.11.14"]
[Round "5"]
[White "Strauss, Donna"]
[Black "Young, Melvyn Jack"]
[Result "0-1"]
[WhiteElo "1834"]
[BlackElo "1938"]
[PlyCount "56"]
[EventDate "2010.11.12"]
[EventType "swiss"]
[EventRounds "5"]
[EventCountry "ENG"]
[SourceTitle "EXT 2011"]
[Source "ChessBase"]
[SourceDate "2010.11.26"]
[SourceVersion "1"]
[SourceVersionDate "2010.11.26"]
[SourceQuality "1"]

1. d4 c5 2. d5 Nf6 3. Nc3 d6 4. e4 g6 5. Nf3 Bg7 6. Be3 0-0 7. h3 Qb6 8. Rb1 a6 9. b4 Qc7 10. bxc5 dxc5 11. Qd2 b5 12. Bf4 Qa5 13. e5 b4 14. exf6 bxc3 15. Qe3 exf6 16. Rxb8 Rxb8 17. Bxb8 Bd7 18. Be2 Rxb8 19. 0-0 Re8 20. Qf4 Rxe2 21. Qd6 Qb5 22. a4 Qxa4 23. Qb8+ Re8 24. Qd6 Bb5 25. Re1 Rxe1+ 26. Nxe1 Bf8 27. Qxf6 Qd4 28. Qf3 Bc4 0-1